3-Letter Overlap Countries Quiz Stats

 Plays Quiz Updated May 3, 2013

Challenge
Share
Tweet
Embed
Score 0/15 Timer 02:00
10 Plays Today
Country (Last 3 Letters Cut Off) Country (Begins with Cut-Off Letters) % Correct
SweDenmark
97.2%
BelaRussia
95.8%
United KingDominica/Dominican Republic
90%
PolAndorra
87.4%
VietNamibia
80.5%
KyrgyzsTanzania
76.3%
Côte d'IvoIreland
74.4%
JaPanama
71.6%
Country (Last 3 Letters Cut Off) Country (Begins with Cut-Off Letters) % Correct
NicaraGuatemala
69.7%
NiGermany
66.4%
Guinea-BisSaudi Arabia
66%
SeychelLesotho
65.1%
NePalau/Palestine
58.1%
NaUruguay
43%
MyanMarshall Islands
34.2%

You're not logged in!

Compare scores with friends on all Sporcle quizzes.
Join for Free
OR
Log In

You Might Also Like...

Show Comments

Extras

Top Quizzes Today


Score Distribution

Your Account Isn't Verified!

In order to create a playlist on Sporcle, you need to verify the email address you used during registration. Go to your Sporcle Settings to finish the process.

Report this User

Report this user for behavior that violates our Community Guidelines.

Details: